Očistnú kúru železníc pocíti ako prvé ich zdravotníctvo

Železnice Slovenskej republiky (ŽSR) nechcú prevádzkovať finančne neefektívne činnosti. Prvé na zozname je železničné zdravotníctvo, ktoré plánujú prenajať. Očakávajú z prenájmu stabilný príjem, úsporu nákladov a možnosť investovať ušetrené peniaze do corebiznisu. Súčasná ponuka ŽSR.

Gespeichert in:
Bibliographische Detailangaben
1. Verfasser: Horníková, Zuzana
Weitere Verfasser: Sobinkovič, Branislav, Sedlák, Miro
Format: Buchkapitel
Sprache:Slowakisch
Schlagworte:
Tags: Tag hinzufügen
Keine Tags, Fügen Sie das erste Tag hinzu!

MARC

LEADER 00000naa$a2200000$$$4500
001 0016937
005 20231009075349.1
041 0 |a slo 
044 |a SK 
245 1 0 |a Očistnú kúru železníc pocíti ako prvé ich zdravotníctvo  |c aut. Zuzana Horníková, Branislav Sobinkovič, Miro Sedlák 
520 |a Železnice Slovenskej republiky (ŽSR) nechcú prevádzkovať finančne neefektívne činnosti. Prvé na zozname je železničné zdravotníctvo, ktoré plánujú prenajať. Očakávajú z prenájmu stabilný príjem, úsporu nákladov a možnosť investovať ušetrené peniaze do corebiznisu. Súčasná ponuka ŽSR. 
610 2 0 |a železnice 
610 2 0 |a Slovensko 
610 2 0 |a zariadenia zdravotnícke 
610 2 0 |a prenájom 
610 2 0 |a príjmy 
610 2 0 |a úspory finančné 
610 2 0 |a Železnice Slovenskej republiky 
100 1 |a Horníková, Zuzana 
700 1 |a Sobinkovič, Branislav 
700 1 |a Sedlák, Miro